Liptov ručne maľovaná mapa : pre cyklistov

Bibliographic Details
Other Authors: Maár, Dodo (Illustrator), Kontošová, Anna (Illustrator), Šuster, Vladimír (Illustrator)
Format: Map
Language:Slovak
English
PhysicalDescription:1 mapa fareb. 43 x 82 cm, na liste 60 x 84 cm, zložené na 22 x 12 cm
Published: Banská Bystrica CBS 2015
ISBN:9788081440847 (brož.)
Edition:1. vyd.
Subjects:

MARC

LEADER 00000nem a2200000 a 4500
001 vtls010806039
003 SK-MaSNL
005 20260331210352.0
007 aj canzn
008 160430s2015 xo i a 0 slo
015 |a SNBC2017 
020 |a 9788081440847 (brož.) 
034 1 |a a  |b 110000 
040 |a SNK  |b slo  |c SNK  |e AACR2 
041 0 |a slo  |a eng 
043 |a e-xo--- 
044 |a xo  |c SK 
072 7 |a 913(437)  |x Geografia Česka a Slovenska, reálie, cestovanie  |2 konspekt 
072 7 |a 912  |x Mapy. Atlasy  |2 konspekt 
080 |a 796.61  |2 2011 
080 |a 913(437.6)  |2 2011 
080 |a (084.3)796.61  |2 2011 
100 1 |a Maár, Dodo  |4 ill  |9 338932 
245 1 0 |a Liptov  |h kartografický dokument  |b ručne maľovaná mapa : pre cyklistov  |c maľba mapy: Dodo Maár ; maľby objektov: Anna Kontošová, Vladimír Šuster ; grafická úprava: Róbert Kontoš 
246 3 1 |a Liptov  |b hand painted map 
246 3 0 |a Ručne maľovaná mapa Liptov pre cyklistov 
246 3 1 |a Liptov  |b hand painted map : for cyclists 
250 |a 1. vyd. 
255 |a Mierka 1:110 000 
260 |a Banská Bystrica  |b CBS  |c 2015 
300 |a 1 mapa  |b fareb.  |c 43 x 82 cm, na liste 60 x 84 cm, zložené na 22 x 12 cm 
366 |e 7000 výt. 
500 |a Geohra vo vnútri mapy so 14 kartičkami na pečiatku 
500 |a Turistické atrakcie regiónu, stručný vlastivedný text s ilustr. a zaujímavosti regiónu 
546 |a Súbežný názov a text angl. 
650 0 7 |a cykloturistika  |2 SNKPH  |9 3264 
651 7 |a Liptov (Slovensko : región)  |2 SNKPH  |9 151081 
655 7 |a cykloturistické mapy  |2 SNKPH  |9 70791 
655 7 |a skladané mapy  |2 SNKPH  |9 304180 
655 7 |a mapy pre verejnosť  |2 SNKPH  |9 304181 
700 1 |a Kontošová, Anna  |4 ill  |9 337798 
700 1 |a Šuster, Vladimír  |4 ill  |9 335020 
700 1 |a Kontoš, Róbert  |4 bkd  |9 326142 
919 |a 978-80-8144-084-7 
999 |c 670939  |d 672869 
952 |a SNK  |b SNK  |y PREZ  |7 0  |p 17A1169317  |o snkSLCm 3172  |i snk2015/23762  |8 0  |0 0  |1 0  |4 0  |d 2015-08-04  |l 0  |r 2026-02-23 19:25:41  |w 2026-02-23 
952 |a SNK  |b SNK  |y VYP  |7 0  |p 17A1169318  |o snkSLCm 3172 D1  |i snk2015/23763  |8 0  |0 0  |1 0  |4 0  |d 2015-08-04  |l 0  |r 2026-02-23 19:25:41  |w 2026-02-23